Artists and the Arab uprisings (Record no. 14034)
[ view plain ]
| 000 -LEADER | |
|---|---|
| fixed length control field | 01618nam a2200385Ia 4500 |
| 100 1# - MAIN ENTRY--AUTHOR NAME | |
| Personal name | Schwartz, Lowell. |
| 245 10 - TITLE STATEMENT | |
| Title | Artists and the Arab uprisings |
| 260 ## - PUBLICATION, DISTRIBUTION, ETC. (IMPRINT) | |
| Place of publication | Santa Monica, CA : |
| Name of publisher | RAND, |
| Year of publication | 2013. |
| 300 ## - PHYSICAL DESCRIPTION | |
| Number of Pages | xix, 79 p. : |
| Other physical details | ill. |
| 650 #0 - SUBJECT ADDED ENTRY--TOPICAL TERM | |
| Topical Term | Arab Spring, 2010- |
| Topical Term | Art patronage |
| Topical Term | Arts and society |
| Topical Term | Arts |
| Topical Term | Government aid to the arts |
| 700 1# - ADDED ENTRY--PERSONAL NAME | |
| Personal name | Kaye, Dalia Dassa. |
| Personal name | Martini, Jeffrey. |
| 856 40 - ELECTRONIC LOCATION AND ACCESS | |
| Uniform Resource Identifier | http://site.ebrary.com/lib/rucke/Doc?id=10744758 |
No items available.
